| 000 | 00729nam a2200229 i 4500 | ||
|---|---|---|---|
| 003 | IT-RoINE | ||
| 005 | 20190108101137.0 | ||
| 008 | 920510s1989 it |||||r |||||||ita|d | ||
| 020 | _a8821517489 | ||
| 040 |
_cIT-RoINE _dIT-RoINE |
||
| 100 | 1 |
_aForte, Bruno, _cArzobispo de Chieti-Vasto, _d1949- _921344 |
|
| 245 | 1 | 0 |
_aSul sacerdozio ministeriale : _bdue meditazioni teologiche / _cBruno Forte. |
| 260 |
_aCinisello Balsamo : _bEdizioni paoline, _c[1989] |
||
| 300 |
_a71 p. ; _c18 cm. |
||
| 336 |
_2rdacontent _atext |
||
| 337 |
_2rdamedia _aunmediated |
||
| 338 |
_2rdacarrier _avolume |
||
| 490 | 1 |
_aNuovi fermenti ; _v4 |
|
| 650 | 4 |
_aSacerdocio _xMeditaciones _955800 |
|
| 830 | 0 |
_aNuovi fermenti ; _v4 _946688 |
|
| 942 | _cMTS | ||
| 999 |
_c28295 _d28295 |
||